000
00298nam a22001337a 4500
008
170907b xxu||||| |||| 00| 0 eng d
020
_a
0521239761
041
_a
eng
080
_a
91
100
_a
42
101
_a
GJEO
245
_a
PHOTOGRAPHIC ATLAS OF THE PLANETS
_c
BRIGGS,G
942
_2
udc
_c
BK
999
_c
26588
_d
26588